000 00764nam a2200229Ii 4500
003 JO-AjNU
008 230605s9999||||xx |||||||||||||| ||und||
017 _a2008/7/2473
020 _a9957-16-056-2
040 _aJO-AjNU
_bara
_erda
_cJO-AjNU
041 _aara
050 1 4 _aK564.C6.B3764.2010
100 3 _a برهم ، نضال سليم ,
_eauthor
_912334
245 0 0 _aأحكام عقود التجارة الإلكترونية
250 _aط3
264 3 1 _aعمان : دار الثقافة ، 2010
300 _a272ص
336 _atext
_btxt
_2rdacontent
337 _aunmediated
_bn
_2rdamedia
338 _avolume
_bnc
_2rdacarrier
650 4 _aالتجارة الدولية -- العقود التجارية -- القانون التجاري
_912335
999 _aA2784
_c6352
_d6352